Imperfect knowledge economics : exchange rates and risk
Αποθηκεύτηκε σε:
| Κύριος συγγραφέας: | |
|---|---|
| Άλλοι συγγραφείς: | , |
| Μορφή: | Βιβλίο |
| Γλώσσα: | English |
| Δημοσίευση: |
Princeton Oxford :
Princeton University Press,
c2007.
|
| Θέματα: | |
| Ετικέτες: |
Προσθήκη ετικέτας
Δεν υπάρχουν, Καταχωρήστε ετικέτα πρώτοι!
|
MARC
| LEADER | 00000cam a2200000 a 4500 | ||
|---|---|---|---|
| 001 | 1/118228 | ||
| 008 | 190314t2007####us | ||| |||| ||eng|| | ||
| 020 | |a 9780691121604 |q (σκληρό εξώφυλλο) | ||
| 040 | |a GR-MyUa |b gre |c GR-MyUa |e AACR2 | ||
| 041 | 0 | |a eng | |
| 082 | 7 | |a 330.015195 |2 (23) | |
| 100 | 1 | |a Frydman, Roman, |d 1948- | |
| 245 | 1 | 0 | |a Imperfect knowledge economics : |b exchange rates and risk / |c Roman Frydman, Michael D. Goldberg ; foreword by Edmund S. Phelps. |
| 260 | |a Princeton |a Oxford : |b Princeton University Press, |c c2007. | ||
| 300 | |a xxiii, 340 σ. : |b διαγρ., πίν. ; |c 24 εκ. | ||
| 504 | |a Περιλαμβάνει βιβλιογραφικές παραπομπές και ευρετήριο. | ||
| 650 | 0 | |a Rational expectations (Economic theory) | |
| 650 | 0 | |a Equilibrium (Economics) | |
| 650 | 0 | |a Microeconomics. | |
| 650 | 0 | |a Foreign exchange. | |
| 700 | 1 | |a Phelps, Edmund S. |e aui | |
| 700 | 1 | |a Goldberg, Michael D., |d 1958- | |
| 852 | |a INST |b CHIOS |c TSAMOYRGELIS |e 20190314 |h 330.015195 FRY |p 005200037680 |q 005200037680 |t BK |y 0 | ||
| 970 | |a Σπέντζα |b Ελένη |z 14-03-2019 | ||